000
00350nam a2200169Ia 4500
100
_a
EDWARD DE BONO
650
_a
Philosophy
942
_c
BK
366
_f
17.5
654
_a
ideas
245
_a
How to have creative ideas
260
_b
Vermilion
_a
London
_c
2007
082
_a
801/BON
_b
BON
300
_a
180
546
_a
ENGLISH
999
_c
30773
_d
30773